| 000 | 01043nam a2200253 4500 | ||
|---|---|---|---|
| 001 | 34053 | ||
| 003 | BD-RjUL | ||
| 005 | 20211209052111.0 | ||
| 008 | 140514s1953 miuab b 00000 eng | ||
| 035 | _a(BD-RjUL)34147 | ||
| 040 |
_cWaPS _dBD-RjUL _aWaPS _beng |
||
| 041 | _aeng | ||
| 082 | 0 | 0 |
_a374 _bRUR 1953 |
| 245 | 0 | 0 |
_aRural social systems and adult education : _ba committee report / _cby Charles P. Loomis, chairman, J. Allan Beegle, editor, Olen E. Leonard [and others] resulting from a study sponsored by the Association of Land Grant Colleges and Universities and the Fund for Adult Education established by the Ford Foundation. |
| 260 | 0 |
_aEast Lansing : _bMichigan State College Press, _cc1953. |
|
| 300 |
_aviii, 392 p. : _bill. ; _c24 cm. |
||
| 504 | _aIncludes bibliographies. | ||
| 650 | 0 |
_aAdult education. _9103844 |
|
| 650 | 0 |
_aSociology, Rural. _9103845 |
|
| 700 | 1 | 0 |
_aLoomis, Charles P. _q(Charles Price), _d1905- _9103846 |
| 700 | 1 | 0 |
_aBeegle, Joseph Allan, _d1918- _eed. _9103847 |
| 942 |
_2ddc _cBK |
||
| 999 |
_c34053 _d34053 |
||